东海道新干线站点 Tokaido Shinkansen Stations - Statistics

General Stats
  • This quiz has been taken 44 times
  • The average score is 12 of 17
Answer Stats
中文站名 所在 % Correct
东京 东京都
100%
名古屋 爱知县
89%
品川 东京都
86%
静冈 静冈县
84%
京都 京都府
84%
新大阪 大阪府
84%
新横滨 神奈川县
78%
热海 静冈县
73%
滨松 静冈县
70%
小田原 神奈川县
57%
米原 滋贺县
57%
三河安城 爱知县
54%
新富士 静冈县
51%
丰桥 爱知县
51%
三岛 静冈县
46%
挂川 静冈县
43%
岐阜羽岛 岐阜县
43%
No matching quizzes found
Score Distribution
Percent of People with Each Score
Percentile by Number Answered
Your Score History
You have not taken this quiz